Premio nacional al merito científico 1994 : (Registro nro. 7134)

Detalles MARC
000 -LEADER
fixed length control field 01004nam a22002537a 4500
003 - CONTROL NUMBER IDENTIFIER
control field OSt
005 - DATE AND TIME OF LATEST TRANSACTION
control field 20210209122214.0
008 - FIXED-LENGTH DATA ELEMENTS--GENERAL INFORMATION
fixed length control field 210209b1995 ck o||gr|||| 00| 0 spa d
020 ## - INTERNATIONAL STANDARD BOOK NUMBER
International Standard Book Number 9589457037
040 ## - CATALOGING SOURCE
Original cataloging agency CO-JMCR
Transcribing agency CO-JMCR
041 0# - LANGUAGE CODE
Language code of text/sound track or separate title spa
082 04 - DEWEY DECIMAL CLASSIFICATION NUMBER
Classification number 923.2 /
Item number G983p
Edition number 23
100 1# - MAIN ENTRY--PERSONAL NAME
Personal name Echeverry de Ferrufino, Ligia,
Relator term autora
9 (RLIN) 13189
245 10 - TITLE STATEMENT
Title Premio nacional al merito científico 1994 :
Remainder of title Virginia Gutiérrez de Pineda /
Statement of responsibility, etc. Ligia Echeverri de Ferrufino
250 ## - EDITION STATEMENT
Edition statement Primera edición
260 ## - PUBLICATION, DISTRIBUTION, ETC.
Place of publication, distribution, etc. [Bogotá] :
Name of publisher, distributor, etc. Asociación colombiana para el avance de la ciencia,
Date of publication, distribution, etc. c1995
300 ## - PHYSICAL DESCRIPTION
Extent 117 páginas :
Other physical details ilustraciones, fotografías a blanco y negro ;
Dimensions 23 cm.
505 0# - FORMATTED CONTENTS NOTE
Formatted contents note Alocuciones -- Acaeceres de una vida -- La obra científica.
586 ## - AWARDS NOTE
Awards note Premio Nocional al merito científico 1994.
600 1# - SUBJECT ADDED ENTRY--PERSONAL NAME
Source of heading or term portada
Personal name Gutiérrez de Pineda, Virginia,
9 (RLIN) 13190
650 24 - SUBJECT ADDED ENTRY--TOPICAL TERM
Topical term or geographic name entry element Mujeres etnólogas
9 (RLIN) 13191
650 24 - SUBJECT ADDED ENTRY--TOPICAL TERM
Topical term or geographic name entry element Mujeres etnólogas
General subdivision Biografía.
Geographic subdivision Colombia
9 (RLIN) 13192
942 ## - ADDED ENTRY ELEMENTS (KOHA)
Source of classification or shelving scheme Dewey Decimal Classification
Koha item type Books
Existencias
Withdrawn status Lost status Source of classification or shelving scheme Damaged status Not for loan Home library Current library Shelving location Date acquired Source of acquisition Total Checkouts Full call number Barcode Date last seen Copy number Price effective from Koha item type
    Dewey Decimal Classification     Biblioteca Pública José María del Castillo y Rada Biblioteca Pública José María del Castillo y Rada General Stacks 10/02/2020 Donación   923.2 / G983p 201810444 05/16/2024 Ej.1 10/02/2020 Books